LEADER 01154nam a2200253 i 4500 001 000000139890 003 CaOOAMICUS 005 20050601000000.0 008 050601s1966 it u000 u ita u 013 $a114023 040 $aSeMil$bita 100 1 $aCausa, Marina.$0(OLS)http://semarc/name/56425 245 12$aL'arte del vetro :$bdal Rinascimento ai nostri giorni /$ctesto di Marina Causa. 260 $aMilano :$bFratelli Fabbri Editori,$ccopyr. 1966. 300 $a157 p. :$briccamente ill. ;$c19 cm. 490 0 $aElite : le arti e gli stili in ogni tempo e paese ;$v41 500 $aContiene : Bibliografia. 650 4$aArte vetraria - Storia - Sec. 17.-20.$0(OLS)http://semarc/subject/27514 830 0$aElite : le arti e gli stili in ogni tempo e paese ;$v41.$0(OLS)http://semarc/title/18137 850 $aSeMil 852 $aSeMil$W1$xVenegono$y1$m5O I 40$j93280$B93280$CSeMilBibl$Z2$F98607 $81 961 $aOmaggio: Pelizzi Carla ved. Ferrari 996 $6245$aL'arte del vetro :$bdal Rinascimento ai nostri giorni$9(OLS)http://semarc/title/204364 996 $6260$aMilano :$bFratelli Fabbri Editori$9(OLS)http://semarc/publisher/29845 LEADER 01134nam a2200241 i 4500 001 000000075664 003 CaOOAMICUS 005 20230317145337.0 008 110609s1805 it u000 u ita u 026 $a5.i- i-do o,si main (3) 1805 (R) 040 $aSeMil$bita 100 1 $aAlberti, Leon Battista,$d<1404-1472>.$0(OLS)http://semarc/name/4891 245 10$aTrattato del governo della famiglia d'Agnolo Pandolfini. Testo di lingua. 260 $aMilano :$bNella stamperia di Giuseppe Ripamonti Carpano,$c1805. 300 $aLV, 140 p. ;$c4°. 500 $aIl vero autore è Leon Battista Alberti 700 1 $aPandolfini, Agnolo,$d<1363-1446>.$0(OLS)http://semarc/name/36379 700 1 $aRipamonti Carpano, Giuseppe,$c.$0(OLS)http://semarc/name/37358 850 $aSeMil 852 $aSeMil$W1$xVenegono$y1$m1F VI 9 FA$j41816$B41816$CSeMilBibl$Z2$F41820 $8I 996 $6245$aTrattato del governo della famiglia d'Agnolo Pandolfini. Testo di lingua$9(OLS)http://semarc/title/122703 996 $6260$aMilano :$bNella stamperia di Giuseppe Ripamonti Carpano$9(OLS)http://semarc/publisher/43249